[Event "Mittelfranken-chTB2b 1819"]
[Site "Mittelfranken"]
[Date "2019.03.31"]
[Round "8.8"]
[White "Mueller, Lothar"]
[Black "Gstaltmeyr, Karl"]
[Result "1/2-1/2"]
[WhiteElo "1822"]
[BlackElo "1706"]
[PlyCount "76"]
[EventDate "2018.10.14"]
[EventType "team-tourn"]
[EventRounds "9"]
[EventCountry "GER"]
[SourceTitle "EXT 2022"]
[Source "ChessBase"]
[SourceDate "2021.10.06"]
[SourceVersion "1"]
[SourceVersionDate "2021.10.06"]
[SourceQuality "1"]
[WhiteTeam "Neumarkt"]
[BlackTeam "Schwanstetten"]
[WhiteTeamCountry "GER"]
[BlackTeamCountry "GER"]

1. d4 d5 2. Nf3 Bf5 3. Bf4 Nd7 4. e3 h6 5. Bd3 Bg4 6. h3 Be6 7. Nc3 c6 8. Qe2 Ngf6 9. Ne5 Nxe5 10. Bxe5 Nd7 11. Bg3 Nf6 12. 0-0-0 Qa5 13. a3 Bd7 14. Qe1 e6 15. Nb1 Qxe1 16. Rhxe1 b5 17. f3 a5 18. b3 Be7 19. Kb2 0-0 20. Ka2 Rfc8 21. Be5 Ne8 22. c4 a4 23. c5 axb3+ 24. Kxb3 Ra7 25. Rd2 Bd8 26. Ra2 Rca8 27. Nc3 Ba5 28. Rea1 f6 29. Bg3 Kf7 30. Bc2 g5 31. a4 b4 32. Nd1 Bc8 33. Bd3 Ng7 34. Re2 Nf5 35. Be1 e5 36. g4 Ne7 37. Nb2 Be6 38. Bg3 Bc7 1/2-1/2

[Event "Mittelfranken-chTB1 1213"]
[Site "Germany"]
[Date "2012.10.21"]
[Round "2.7"]
[White "Adelhuette, Dennis"]
[Black "Gstaltmeyr, Karl"]
[Result "1-0"]
[WhiteElo "1925"]
[BlackElo "1695"]
[PlyCount "53"]
[EventDate "2012.10.07"]
[EventType "team-tourn"]
[EventRounds "9"]
[EventCountry "GER"]
[SourceTitle "EXT 2019"]
[Source "ChessBase"]
[SourceDate "2018.10.10"]
[SourceVersion "1"]
[SourceVersionDate "2018.10.10"]
[SourceQuality "1"]
[WhiteTeam "Erlangen SC II"]
[BlackTeam "Schwanstetten"]
[WhiteTeamCountry "GER"]
[BlackTeamCountry "GER"]

1. d4 d5 2. c4 e6 3. Nc3 Nf6 4. e3 c6 5. Nf3 Bd6 6. Bd3 Nbd7 7. e4 dxe4 8. Nxe4 Nxe4 9. Bxe4 Nf6 10. Bd3 Bb4+ 11. Bd2 Qe7 12. 0-0 Bxd2 13. Qxd2 0-0 14. Rfe1 Rd8 15. Rad1 Kf8 16. b4 b6 17. Qc3 a5 18. a3 Bb7 19. Bc2 Qc7 20. Ng5 h6 21. Nf3 Rd6 22. Ne5 axb4 23. axb4 b5 24. cxb5 Nd5 25. Qc5 cxb5 26. Be4 Qb6 27. Nd7+ 1-0

[Event "Mittelfranken-chTB2b 0910"]
[Site "Mittelfranken"]
[Date "2010.04.18"]
[Round "9.6"]
[White "Mueller, Lothar"]
[Black "Gstaltmeyr, Karl"]
[Result "1-0"]
[WhiteElo "1837"]
[BlackElo "1799"]
[PlyCount "83"]
[EventDate "2009.10.11"]
[EventType "team-tourn"]
[EventRounds "9"]
[EventCountry "GER"]
[SourceTitle "EXT 2011"]
[Source "ChessBase"]
[SourceDate "2010.11.26"]
[SourceVersion "1"]
[SourceVersionDate "2010.11.26"]
[SourceQuality "1"]
[WhiteTeam "Postbauer Heng II"]
[BlackTeam "Schwanstetten"]
[WhiteTeamCountry "GER"]
[BlackTeamCountry "GER"]

1. e4 c5 2. Nf3 Nc6 3. Nc3 d6 4. Bc4 e6 5. d3 a6 6. a4 Bd7 7. Be3 Be7 8. 0-0 g5 9. Qd2 g4 10. Ne1 h5 11. f4 Nf6 12. d4 cxd4 13. Bxd4 Rc8 14. Be3 h4 15. Be2 Qa5 16. Kh1 h3 17. g3 Nb4 18. Qd4 Rc5 19. Bd2 Nc6 20. Qe3 Qc7 21. Nd3 Rch5 22. Nd1 Nxe4 23. Qxe4 f5 24. Qc4 d5 25. Qc3 Qb6 26. a5 Qa7 27. b4 d4 28. Qc4 Qa8 29. Bf3 gxf3 30. Rf2 Kf7 31. Ne5+ Nxe5 32. fxe5 Bb5 33. Qxd4 Rd8 34. Qb6 Rxd2 35. Rxd2 Bxb4 36. Rd8 f2 37. Nxf2 Bc5 38. Qc7+ Kg6 39. Rxa8 Bc6+ 40. Kg1 Rh7 41. Rg8+ Kh6 42. Qd8 1-0

[Event "Mittelfranken-chTB2b 0910"]
[Site "Mittelfranken"]
[Date "2009.10.25"]
[Round "2.5"]
[White "Gstaltmeyr, Karl"]
[Black "Hoerath, Michael"]
[Result "0-1"]
[WhiteElo "1799"]
[BlackElo "1810"]
[PlyCount "94"]
[EventDate "2009.10.11"]
[EventType "team-tourn"]
[EventRounds "9"]
[EventCountry "GER"]
[SourceTitle "EXT 2011"]
[Source "ChessBase"]
[SourceDate "2010.11.26"]
[SourceVersion "1"]
[SourceVersionDate "2010.11.26"]
[SourceQuality "1"]
[WhiteTeam "Schwanstetten"]
[BlackTeam "Schwabach"]
[WhiteTeamCountry "GER"]
[BlackTeamCountry "GER"]

1. e4 c5 2. Nf3 e6 3. c3 d5 4. Bd3 dxe4 5. Bxe4 Nf6 6. Bc2 Nc6 7. 0-0 Be7 8. d3 0-0 9. Nbd2 b6 10. Qe2 Bb7 11. Ne4 Qc7 12. Bg5 Nxe4 13. dxe4 Bxg5 14. Nxg5 h6 15. Nh3 e5 16. f4 exf4 17. Nxf4 Ne5 18. Nd5 Bxd5 19. exd5 Rae8 20. Qe4 Ng6 21. Qg4 Ne5 22. Qf5 Ng6 23. Rad1 Re5 24. d6 Qc6 25. Qf2 Rg5 26. d7 Nf4 27. Qf3 Qxf3 28. Rxf3 Ne6 29. Bb3 Rd8 30. Rd6 Re5 31. Kf2 Ng5 32. Rf4 Ne4+ 33. Rxe4 Rxe4 34. Bd5 Re7 35. Bc6 Re6 36. Rxe6 fxe6 37. Ke3 Kf7 38. Ke4 Ke7 39. Ke5 Rf8 40. g4 g5 41. h3 Rf2 42. a4 Re2+ 43. Be4 Kxd7 44. b4 Ke7 45. a5 cxb4 46. cxb4 bxa5 47. bxa5 Ra2 0-1

[Event "Mittelfranken-chTB2b 0809"]
[Site "Mittelfranken"]
[Date "2009.04.26"]
[Round "9.4"]
[White "Perner, Bastian"]
[Black "Gstaltmeyr, Karl"]
[Result "1/2-1/2"]
[WhiteElo "1810"]
[BlackElo "1829"]
[PlyCount "33"]
[EventDate "2008.10.12"]
[EventType "team"]
[EventRounds "9"]
[EventCountry "GER"]
[SourceTitle "EXT 2011"]
[Source "ChessBase"]
[SourceDate "2010.11.26"]
[SourceVersion "1"]
[SourceVersionDate "2010.11.26"]
[SourceQuality "1"]
[WhiteTeam "Heideck/Hilpoltstein"]
[BlackTeam "Schwanstetten"]
[WhiteTeamCountry "GER"]
[BlackTeamCountry "GER"]

1. e4 e5 2. Nf3 Nc6 3. Bc4 Bc5 4. 0-0 Nf6 5. d3 0-0 6. c3 a6 7. h3 b5 8. Bb3 d6 9. Be3 Ba7 10. Nbd2 h6 11. a4 b4 12. Bxa7 Rxa7 13. d4 bxc3 14. bxc3 exd4 15. cxd4 Nh5 16. Re1 Ne7 17. Kh2 1/2-1/2